Basic concepts of analytical chemistry

Saved in:
Bibliografiske detaljer
Hovedforfatter: KHOPKAR, S.M
Format: Bog
Sprog:engelsk
Udgivet: New Age International Publishers 2008.
Tags: Tilføj Tag
Ingen Tags, Vær først til at tagge denne postø!

MARC

LEADER 00000nam a22000007a 4500
008 211025b ||||| |||| 00| 0 eng d
020 |a  978-81-224-2092-0 
100 |a KHOPKAR, S.M. 
245 |a Basic concepts of analytical chemistry  |c  S. M. Khopkar.  |g  xxvii, 604p; ill 
250 |b 3rd ed  |c S.M.Khopkar 
260 |b New Age International Publishers  |c  2008.  |h New Delhi:   |i 691726  |i 691725 – Science  |l QD75.2 .K52  |m Chemistry, Analytic  |m Title. 
500 |a “Includes Index”. 
942 |a lcc  |c BK  |e j. o. ifatola  |f 25/ 10/ 2021 
952 |0 0  |1 0  |2 lcc  |4 0  |6 QD00752 K52  |7 0  |9 3664  |a HOL  |b HOL  |c QZ  |d 2021-10-25  |l 0  |o QD75.2 .K52  |p 2021-67400  |r 2021-10-25 00:00:00  |w 2021-10-25  |y BK 
952 |0 0  |1 0  |2 lcc  |4 0  |6 QD00752 K52  |7 0  |9 3665  |a HOL  |b SL  |c QZ  |d 2021-10-25  |l 0  |o QD75.2 .K52  |p 2021-67401  |r 2021-10-25 00:00:00  |w 2021-10-25  |y BK 
999 |c 1820  |d 1820